| 000 | 00602nam a2200193Ia 4500 | ||
|---|---|---|---|
| 003 | SISC | ||
| 005 | 20180927103459.0 | ||
| 008 | 180918s9999 xx 000 0 und d | ||
| 020 | _a9780415706445 | ||
| 050 |
_aHC 79 .E5 _b.M959 2015 |
||
| 100 | _aMulligan, Martin | ||
| 245 |
_cMartin Mulligan _aAn introduction to sustainability: _benvironmental, social and personal perspectives/ |
||
| 260 |
_aNY: _bRoutledge _c2015 |
||
| 300 |
_a309 pages : _billustrated ; _c24 cm. |
||
| 500 | _aIncludes bibliographic references and index. | ||
| 650 | _aSustainability | ||
| 942 |
_2lcc _cBK |
||
| 999 |
_c358779 _d358779 |
||